[Event "Tournoi francophone 022F"]
[Site "Skype"]
[Date "????.??.??"]
[Round "1.1"]
[White "Esformes, Jacques"]
[Black "Soubrier, Laure"]
[Result "1-0"]
[WhiteElo "1381"]
[BlackElo "1450"]
[PlyCount "81"]

1. e4 e5 2. Nf3 Nc6 3. Bb5 Bc5 4. Bxc6 dxc6 5. Nxe5 Nf6 6. d3 Qe7 7. Nf3 a6 8.
O-O O-O 9. h3 b5 10. Ne5 Qxe5 11. Nd2 Qd6 12. Nf3 Qe7 13. Re1 Nd7 14. d4 Ba7
15. c3 Bb7 16. a4 Rad8 17. Bg5 Nf6 18. e5 Qe6 19. exf6 Qd6 20. fxg7 Kxg7 21.
Bxd8 Qxd8 22. Ne5 Kh8 23. Re3 Qg5 24. Qg4 Qxg4 25. hxg4 f6 26. Nf3 Bc8 27. Re7
Bxg4 28. Rae1 Bxf3 29. gxf3 Rg8+ 30. Kh1 Bb6 31. Re8 Rxe8 32. Rxe8+ Kg7 33. Re6
c5 34. d5 c4 35. d6 cxd6 36. Rxd6 Bxf2 37. Rxa6 Kg6 38. axb5 h5 39. Kg2 Bh4 40.
Rc6 Bg5 41. b6 1-0

[Event "Tournoi francophone 022F"]
[Site "Skype"]
[Date "????.??.??"]
[Round "1.2"]
[White "Maccaferri, Massimo"]
[Black "Blanchard, Colette"]
[Result "1-0"]
[WhiteElo "1444"]
[BlackElo "1538"]
[PlyCount "97"]

1. e4 e5 2. Bc4 Nf6 3. d4 d6 4. Bg5 Be7 5. Bxf6 Bxf6 6. dxe5 Bxe5 7. Qf3 Bf6 8.
Nh3 O-O 9. Nc3 c6 10. O-O-O b5 11. Bb3 Na6 12. g4 Nb4 13. e5 Be7 14. a3 Na6 15.
Qxc6 Bxg4 16. Qxb5 Nc7 17. Qb7 Bxh3 18. Rhg1 Ne8 19. Qf3 Be6 20. exd6 Nxd6 21.
Qg3 Nf5 22. Qg2 Qb6 23. Rde1 Bc5 24. Ne2 Bxf2 25. c3 Bxb3 26. Nd4 Bxg1 27. Rxg1
g6 28. Nxf5 Qf6 29. Rf1 Rad8 30. Nh6+ Kg7 31. Rxf6 Kxf6 32. Ng4+ Kg7 33. h4 Be6
34. Ne5 Rd5 35. Qg3 Rfd8 36. h5 Bf5 37. Qe1 f6 38. Nc6 R8d7 39. Ne7 Re5 40.
Nxf5+ Rxf5 41. Qe8 Rf7 42. h6+ Kxh6 43. Qxf7 Rf1+ 44. Kc2 a5 45. Qa7 f5 46.
Qxa5 f4 47. Qa4 g5 48. Qb5 g4 49. Qxf1 1-0

[Event "Tournoi francophone 022F"]
[Site "Skype"]
[Date "????.??.??"]
[Round "1.3"]
[White "Gerbaux, Regis"]
[Black "Dhenain, Sebastien"]
[Result "1-0"]
[WhiteElo "1402"]
[BlackElo "1423"]
[PlyCount "81"]

1. e4 e5 2. Nf3 Nc6 3. Bc4 Nf6 4. Ng5 d5 5. exd5 Nxd5 6. d4 Bb4+ 7. Bd2 Bxd2+
8. Qxd2 O-O 9. dxe5 Nxe5 10. Bxd5 h6 11. Nf3 Nxf3+ 12. Bxf3 Re8+ 13. Be2 Bg4
14. Nc3 Qe7 15. f3 Bh5 16. O-O-O Rad8 17. Qe1 Qg5+ 18. Kb1 Qxg2 19. Rxd8 Rxd8
20. Qg1 Qh3 21. Qg3 Qf5 22. f4 Bxe2 23. Nxe2 Rd2 24. Qc3 Rxe2 25. Qxc7 Qg6 26.
a3 Qe4 27. Rc1 Rxh2 28. f5 Rh1 29. Rxh1 Qxh1+ 30. Ka2 h5 31. Qb8+ Kh7 32. Qxa7
h4 33. Qa4 Qd5+ 34. Kb1 h3 35. Qh4+ Kg8 36. Qxh3 Qd1+ 37. Ka2 Qxc2 38. Qg4 b5
39. f6 g6 40. Qd4 Kh7 41. Qh4+ 1-0

[Event "Tournoi francophone 022F"]
[Site "Skype"]
[Date "????.??.??"]
[Round "1.4"]
[White "Colangelo, Michele"]
[Black "Alcaraz Acosta, Luisa Montserrat"]
[Result "0-1"]
[WhiteElo "1511"]
[BlackElo "1404"]
[PlyCount "78"]

1. e4 c6 2. Nf3 d5 3. e5 Bg4 4. Be2 c5 5. c3 Nc6 6. d4 e6 7. O-O Qc7 8. h3 Bxf3
9. Bxf3 Nge7 10. Na3 a6 11. Rb1 Nf5 12. Bg4 cxd4 13. Bxf5 Bxa3 14. cxd4 Be7 15.
Bg4 O-O 16. a3 Rac8 17. Re1 Qb6 18. Be3 Na5 19. b4 Nc4 20. Qd3 Rc7 21. a4 Bxb4
22. Qb3 Rfc8 23. Qxb4 Qxb4 24. Rxb4 Nxe3 25. fxe3 g6 26. Reb1 Rc3 27. e4 dxe4
28. Rxb7 Rd3 29. Be2 Rxd4 30. a5 Ra4 31. Rb8 Rxb8 32. Rxb8+ Kg7 33. Bxa6 Rxa5
34. Bb5 e3 35. Kf1 Ra1+ 36. Ke2 Ra2+ 37. Kf3 Rf2+ 38. Kg3 Rf5 39. Bc6 e2 0-1

[Event "Tournoi francophone 022F"]
[Site "Skype"]
[Date "????.??.??"]
[Round "1.5"]
[White "Montilla Bejarano, Mey"]
[Black "Lecluyse, Koenraad"]
[Result "1-0"]
[WhiteElo "1426"]
[BlackElo "1458"]
[PlyCount "29"]

1. d4 d5 2. c4 c6 3. cxd5 cxd5 4. Nc3 Nf6 5. Nf3 e6 6. Bf4 Bd6 7. Ne5 Nc6 8.
Nb5 Ne4 9. Nxc6 Bb4+ 10. Nxb4 Qb6 11. Nc7+ Ke7 12. Nxa8 Qxb4+ 13. Bd2 Qxd4 14.
Bg5+ f6 15. Qxd4 1-0

[Event "Tournoi francophone 022F"]
[Site "Skype"]
[Date "????.??.??"]
[Round "2.1"]
[White "Soubrier, Laure"]
[Black "Lecluyse, Koenraad"]
[Result "1-0"]
[WhiteElo "1450"]
[BlackElo "1458"]
[PlyCount "121"]

1. e4 c5 2. Nf3 e6 3. Bc4 d6 4. d3 Nc6 5. Nc3 Nf6 6. a4 a5 7. b3 Be7 8. Bb2 O-O
9. O-O Qb6 10. Re1 e5 11. Ne2 Bg4 12. Ng3 Nd4 13. Bxd4 cxd4 14. h3 Bxf3 15.
Qxf3 Qb4 16. Qe2 Qc5 17. Nf5 Bd8 18. Qd2 Nh5 19. Bd5 Rb8 20. Reb1 Qc8 21. Nxd6
Qc7 22. Nf5 Nf4 23. Kh2 Be7 24. Bc4 Qd8 25. Qd1 Ng6 26. g3 h5 27. Qxh5 Qb6 28.
Nxe7+ Nxe7 29. Qxe5 Ng6 30. Qg5 Rbe8 31. h4 Re5 32. Qg4 Qf6 33. Rf1 b6 34. Rac1
Qc6 35. c3 Qd6 36. h5 Ne7 37. f4 Re6 38. Bxe6 fxe6 39. h6 g6 40. cxd4 Qxd4 41.
Qxe6+ Rf7 42. Rcd1 Qb2+ 43. Kg1 Qd4+ 44. Rf2 Qe3 45. Kg2 Qd4 46. Qh3 Kh7 47.
Qe6 Kg8 48. h7+ Kf8 49. h8=Q+ Qxh8 50. Qxb6 Rh7 51. Qb8+ Kf7 52. Qxh8 Rxh8 53.
d4 Rb8 54. Rb2 Rc8 55. d5 Rc3 56. d6 Nc6 57. d7 Ke7 58. f5 gxf5 59. exf5 Rc5
60. Rf2 Kd8 61. f6 1-0

[Event "Tournoi francophone 022F"]
[Site "Skype"]
[Date "????.??.??"]
[Round "2.2"]
[White "Alcaraz Acosta, Luisa Montserrat"]
[Black "Montilla Bejarano, Mey"]
[Result "0-1"]
[WhiteElo "1404"]
[BlackElo "1426"]
[PlyCount "60"]

1. e4 d5 2. exd5 Nf6 3. Nc3 Nxd5 4. Bc4 c6 5. d4 Qa5 6. Bd2 Nxc3 7. Bxc3 Qc7 8.
Nf3 Bg4 9. Bxf7+ Kxf7 10. Ne5+ Qxe5+ 11. dxe5 Bxd1 12. Rxd1 Ke8 13. O-O e6 14.
f4 g6 15. g4 Bc5+ 16. Kh1 Rf8 17. Rd3 Kf7 18. Rh3 Kg8 19. b4 Be7 20. f5 exf5
21. gxf5 Rxf5 22. Rxf5 gxf5 23. Rf3 Na6 24. Rxf5 Nxb4 25. a3 Nxc2 26. e6 Nxa3
27. Rh5 Rf8 28. Be5 Nc4 29. Bd4 b6 30. h4 c5 0-1

[Event "Tournoi francophone 022F"]
[Site "Skype"]
[Date "????.??.??"]
[Round "2.3"]
[White "Dhenain, Sebastien"]
[Black "Colangelo, Michele"]
[Result "0-1"]
[WhiteElo "1423"]
[BlackElo "1511"]
[PlyCount "142"]

1. e4 c5 2. c3 d6 3. Nf3 Bg4 4. Be2 h6 5. Bb5+ Nd7 6. O-O Ngf6 7. Be2 Nxe4 8.
h3 Bh5 9. d3 Nef6 10. d4 cxd4 11. cxd4 e5 12. dxe5 dxe5 13. Re1 Bb4 14. Bd2
Bxd2 15. Qxd2 Ne4 16. Qd5 Nef6 17. Nxe5 Nxd5 18. Bb5 a6 19. Nc6+ Ne7 20. Nxd8
Rxd8 21. Bc4 Nf6 22. Nc3 Rd4 23. Bb3 Bg6 24. Re2 Kf8 25. Rae1 Nc6 26. Nd5 Re4
27. Rxe4 Nxe4 28. f3 Nf6 29. Nc7 Kg8 30. Ne8 Nxe8 31. Rxe8+ Kh7 32. Re1 f6 33.
Rc1 Rc8 34. Ba4 Rd8 35. Bxc6 bxc6 36. Rxc6 Rd1+ 37. Kh2 Rd2 38. Rb6 a5 39. Ra6
Rxb2 40. Rxa5 Bf7 41. a4 Ra2 42. Ra7 Bb3 43. a5 Bc4 44. Ra8 Bd5 45. Ra7 Bc4 46.
Ra8 Bf1 47. Kg1 Bxg2 48. Ra7 Bxh3 49. a6 Bc8 50. Rc7 Bxa6 51. Ra7 Ra1+ 52. Kf2
Ra2+ 53. Ke3 Ra3+ 54. Kd4 Ra5 55. Ke3 Re5+ 56. Kd4 Bc8 57. Ra8 Bf5 58. f4 Re4+
59. Kd5 h5 60. Ra1 h4 61. Rh1 h3 62. Rh2 Kh6 63. Rh1 Kh5 64. Rh2 Kh4 65. Rh1
Kg3 66. Rg1+ Kf2 67. Rh1 Kg2 68. Ra1 h2 69. Ra2+ Kf3 70. Rxh2 Re2 71. Rh1 Be4+
0-1

[Event "Tournoi francophone 022F"]
[Site "Skype"]
[Date "????.??.??"]
[Round "2.4"]
[White "Blanchard, Colette"]
[Black "Gerbaux, Regis"]
[Result "0-1"]
[WhiteElo "1538"]
[BlackElo "1402"]
[PlyCount "56"]

1. d4 d5 2. Nf3 Nf6 3. c4 dxc4 4. Nc3 e6 5. a3 Be7 6. Bf4 Nbd7 7. Nb5 Nd5 8. e4
Nxf4 9. Qc1 Nh5 10. Bxc4 c6 11. Nc3 O-O 12. O-O b5 13. Bd3 a6 14. Qd2 c5 15.
Rab1 cxd4 16. Nxd4 Nc5 17. Be2 Nf6 18. e5 Nd5 19. Bf3 Bb7 20. Qc2 Qd7 21. Nxd5
Bxd5 22. Bxd5 Qxd5 23. Nf3 Rac8 24. b4 Ne4 25. Qb2 Rc3 26. Nd2 Qxd2 27. f3 Qe3+
28. Kh1 Nd2 0-1

[Event "Tournoi francophone 022F"]
[Site "Skype"]
[Date "????.??.??"]
[Round "2.5"]
[White "Esformes, Jacques"]
[Black "Maccaferri, Massimo"]
[Result "0-1"]
[WhiteElo "1381"]
[BlackElo "1444"]
[PlyCount "102"]

1. e4 e5 2. Nf3 Nc6 3. d4 exd4 4. Nxd4 Qf6 5. Nf3 Bc5 6. c3 d6 7. Bd3 Qg6 8. g3
Qh5 9. b4 Bb6 10. Be3 Bh3 11. Nbd2 Bg2 12. Rg1 Bxf3 13. Nxf3 g5 14. Bxb6 axb6
15. Rh1 g4 16. Nd4 Ne5 17. Be2 Qh3 18. Bf1 Qh6 19. Qd2 Qxd2+ 20. Kxd2 b5 21.
Nxb5 Kd7 22. Be2 Nf6 23. h3 Nxe4+ 24. Ke3 Nf6 25. hxg4 Nexg4+ 26. Bxg4+ Nxg4+
27. Kf3 Ne5+ 28. Kg2 c6 29. Nd4 Ra3 30. Nb3 f5 31. Rhc1 Rg8 32. c4 f4 33. c5 h5
34. b5 h4 35. bxc6+ bxc6 36. Rc2 fxg3 37. cxd6 Ng4 38. Rac1 c5 39. Rd1 gxf2 40.
Nxc5+ Kd8 41. Nb7+ Kd7 42. Rc7+ Ke6 43. Nc5+ Kf5 44. Rf7+ Ke5 45. Re7+ Kf6 46.
Ne4+ Kf5 47. Nxf2 Rg3+ 48. Kh1 Nxf2+ 49. Kh2 Nxd1 50. Rf7+ Ke6 51. Rf1 Rg2+ 0-1

[Event "Tournoi francophone 022F"]
[Site "Skype"]
[Date "????.??.??"]
[Round "3.1"]
[White "Maccaferri, Massimo"]
[Black "Soubrier, Laure"]
[Result "1-0"]
[WhiteElo "1444"]
[BlackElo "1450"]
[PlyCount "69"]

1. e4 g6 2. Bc4 Bg7 3. Nf3 Nf6 4. Ne5 O-O 5. Bxf7+ Rxf7 6. Nxf7 Kxf7 7. e5 Ng8
8. d4 e6 9. c3 Ne7 10. Qb3 b6 11. a4 Bb7 12. O-O Nbc6 13. Na3 a6 14. Nc4 a5 15.
Re1 Nf5 16. Re4 Nce7 17. Ne3 Bxe4 18. c4 Nxd4 19. Qd1 Bxe5 20. Ng4 Nef5 21.
Nxe5+ Ke7 22. Bg5+ Kd6 23. Nf7+ Kc5 24. Nxd8 Nc2 25. Rc1 Rxd8 26. Bxd8 Nfd4 27.
Be7+ Kxc4 28. Bf6 c5 29. f3 Bd3 30. Bxd4 cxd4 31. Rb1 d5 32. b3+ Kc3 33. Qc1 e5
34. Qb2+ Kd2 35. Kf2 1-0

[Event "Tournoi francophone 022F"]
[Site "Skype"]
[Date "????.??.??"]
[Round "3.2"]
[White "Gerbaux, Regis"]
[Black "Esformes, Jacques"]
[Result "0-1"]
[WhiteElo "1402"]
[BlackElo "1381"]
[PlyCount "123"]

1. e4 e5 2. Nf3 Nc6 3. Bc4 Nf6 4. Ng5 d5 5. exd5 Na5 6. Bb5+ c6 7. dxc6 bxc6 8.
Bd3 Qd5 9. O-O e4 10. Re1 Qxg5 11. Qf3 Qg4 12. Bxe4 Qxf3 13. Bxf3+ Kd8 14. d3
Bd7 15. Bd2 Nb7 16. Nc3 Bd6 17. Rad1 Bg4 18. Bxg4 Nxg4 19. g3 Ne5 20. Kg2 Re8
21. Bf4 f6 22. Ne4 Re6 23. b3 Kd7 24. d4 Nf7 25. Nc5+ Nxc5 26. dxc5 Rxe1 27.
Rxe1 Bxc5 28. Rd1+ Nd6 29. c3 Re8 30. b4 Bxb4 31. cxb4 Re6 32. Rxd6+ Rxd6 33.
Bxd6 Kxd6 34. Kf3 Kd5 35. Ke3 Kc4 36. a3 g5 37. g4 Kb3 38. Kd4 Kxa3 39. Kc5 Kb3
40. b5 cxb5 41. Kxb5 Kc3 42. Ka6 Kd2 43. Kxa7 Ke2 44. Kb6 Kxf2 45. Kc6 Kf3 46.
Kd6 Kxg4 47. Ke6 f5 48. h3+ Kf4 49. Kf6 g4 50. h4 g3 51. h5 g2 52. Kg7 g1=Q+
53. Kxh7 Qa1 54. h6 Qd4 55. Kg8 Qd8+ 56. Kg7 Kg5 57. h7 Qf6+ 58. Kg8 Qg6+ 59.
Kh8 Qe8+ 60. Kg7 Qe5+ 61. Kg8 Kg6 62. h8=Q 0-1

[Event "Tournoi francophone 022F"]
[Site "Skype"]
[Date "????.??.??"]
[Round "3.3"]
[White "Colangelo, Michele"]
[Black "Blanchard, Colette"]
[Result "0-1"]
[WhiteElo "1511"]
[BlackElo "1538"]
[PlyCount "70"]

1. e4 e5 2. Nf3 d6 3. h3 Nf6 4. Nc3 Be7 5. Bc4 O-O 6. O-O Nc6 7. Re1 b6 8. d3
h6 9. a3 Bb7 10. Be3 Na5 11. Ba2 Qd7 12. Qd2 Rac8 13. Nh4 Nh5 14. Nf5 Bf6 15.
Nd5 Bxd5 16. Bxd5 c6 17. Ba2 d5 18. Qc1 Qd8 19. g3 d4 20. Bd2 c5 21. Qd1 g6 22.
Nxh6+ Kg7 23. Ng4 Rh8 24. Qc1 Kf8 25. Bh6+ Bg7 26. Bg5 Nf6 27. Nxe5 Qe7 28. Kg2
Qxe5 29. f4 Qc7 30. e5 Nh7 31. Bh4 Nc6 32. Qd2 Ne7 33. e6 Nf5 34. e7+ Ke8 35.
Bxf7+ Kxf7 0-1

[Event "Tournoi francophone 022F"]
[Site "Skype"]
[Date "????.??.??"]
[Round "3.4"]
[White "Montilla Bejarano, Mey"]
[Black "Dhenain, Sebastien"]
[Result "1/2-1/2"]
[WhiteElo "1426"]
[BlackElo "1423"]
[PlyCount "74"]

1. d4 d5 2. c4 e6 3. Nf3 Nf6 4. Bg5 Bb4+ 5. Nc3 h6 6. Bd2 O-O 7. a3 Ba5 8. b4
Bb6 9. a4 a6 10. a5 Ba7 11. b5 c6 12. b6 Bxb6 13. axb6 Nbd7 14. c5 Re8 15. Bf4
e5 16. dxe5 Ne4 17. Nxe4 dxe4 18. Nd2 Qh4 19. g3 Qd8 20. Nxe4 Qe7 21. Nd6 Rd8
22. e3 Nxe5 23. Be2 Qf6 24. O-O Bh3 25. Re1 Ng6 26. Qb3 Nxf4 27. exf4 Be6 28.
Bc4 Bxc4 29. Qxc4 Rd7 30. Rad1 Rad8 31. Ne4 Qb2 32. Rxd7 Rxd7 33. Nc3 Rd2 34.
Re8+ Kh7 35. Qe4+ g6 36. Qe7 Qa1+ 37. Kg2 Qxc3 1/2-1/2

[Event "Tournoi francophone 022F"]
[Site "Skype"]
[Date "????.??.??"]
[Round "3.5"]
[White "Lecluyse, Koenraad"]
[Black "Alcaraz Acosta, Luisa Montserrat"]
[Result "0-1"]
[WhiteElo "1458"]
[BlackElo "1404"]
[PlyCount "48"]

1. d4 Nf6 2. Nf3 d5 3. Bf4 c5 4. c3 Nc6 5. e3 Qb6 6. b3 cxd4 7. cxd4 Bf5 8. Bd3
Qa5+ 9. Ke2 Bxd3+ 10. Qxd3 Nb4 11. Qd2 e6 12. Rc1 Be7 13. Kf1 O-O 14. Ne5 Ne4
15. Qd1 Rac8 16. Rxc8 Rxc8 17. Qh5 Rc1+ 18. Ke2 Qa6+ 19. Kf3 g6 20. Qh3 Nc3 21.
Bh6 Nxb1 22. g3 Nd2+ 23. Kg2 Rxa1 24. Qg4 Qf1# 0-1

[Event "Tournoi francophone 022F"]
[Site "Skype"]
[Date "????.??.??"]
[Round "4.1"]
[White "Soubrier, Laure"]
[Black "Alcaraz Acosta, Luisa Montserrat"]
[Result "0-1"]
[WhiteElo "1450"]
[BlackElo "1404"]
[PlyCount "70"]

1. e4 c6 2. Nf3 d5 3. d4 dxe4 4. Ng5 Bf5 5. Nc3 Nf6 6. Bc4 e6 7. Ne2 h6 8. Nxf7
Kxf7 9. Ng3 Bg4 10. Be2 Bb4+ 11. c3 Bxe2 12. Qxe2 Bd6 13. Nxe4 Nxe4 14. Qxe4
Nd7 15. Qf3+ Nf6 16. O-O Re8 17. Be3 Kg8 18. Rad1 Nd5 19. a3 Rf8 20. Qe2 Qf6
21. c4 Nxe3 22. Qxe3 Rad8 23. b4 Qh4 24. Qxe6+ Kh8 25. g3 Qh5 26. c5 Rfe8 27.
Qb3 Be7 28. a4 Bf6 29. Qc4 Re4 30. b5 Rexd4 31. Rxd4 Bxd4 32. bxc6 bxc6 33. Qe6
Qf3 34. Qe7 Bxf2+ 35. Rxf2 Rd1+ 0-1

[Event "Tournoi francophone 022F"]
[Site "Skype"]
[Date "????.??.??"]
[Round "4.2"]
[White "Dhenain, Sebastien"]
[Black "Lecluyse, Koenraad"]
[Result "1-0"]
[WhiteElo "1423"]
[BlackElo "1458"]
[PlyCount "111"]

1. e4 c5 2. c3 e6 3. Nf3 d6 4. Bb5+ Bd7 5. Bc4 Nf6 6. O-O Nc6 7. Re1 Be7 8. e5
Nd5 9. exd6 Bxd6 10. Bxd5 O-O 11. Bc4 Na5 12. Be2 Bc6 13. h3 h6 14. d4 c4 15.
Na3 Bd5 16. Nb5 Bb8 17. Bd2 Qb6 18. Na3 Qxb2 19. Nc2 Qb6 20. Rb1 Qc7 21. g3 f5
22. Bf4 Qf7 23. Bxb8 Raxb8 24. Ne5 Qc7 25. Bh5 Kh7 26. Ng6 Rf6 27. Nf4 Be4 28.
Bg6+ Kh8 29. Bh5 Nc6 30. Ng6+ Kh7 31. Nf4 Qa5 32. Bg6+ Kh8 33. d5 Ne5 34. dxe6
Nf3+ 35. Kf1 Nxe1 36. Bf7 Qxc3 37. Ng6+ Kh7 38. Nxe1 Rxg6 39. Bxg6+ Kxg6 40.
Rc1 Qb4 41. g4 Rc8 42. Qd7 Qf8 43. e7 Qf7 44. Qxc8 Qxe7 45. Rxc4 fxg4 46. Rc7
Qb4 47. Qd7 gxh3 48. Qxg7+ Kh5 49. Qe5+ Kg6 50. Qe6+ Kh5 51. Qxh3+ Kg6 52. Qg3+
Kh5 53. Qh3+ Kg6 54. Qg3+ Kh5 55. Rg7 Qd2 56. Qh3# 1-0

[Event "Tournoi francophone 022F"]
[Site "Skype"]
[Date "????.??.??"]
[Round "4.3"]
[White "Blanchard, Colette"]
[Black "Montilla Bejarano, Mey"]
[Result "0-1"]
[WhiteElo "1538"]
[BlackElo "1426"]
[PlyCount "102"]

1. d4 Nf6 2. c4 e6 3. a3 c5 4. d5 exd5 5. cxd5 d6 6. Nc3 g6 7. Nf3 Bg7 8. e3 a6
9. b3 Qa5 10. Bb2 Ne4 11. Nd2 Bxc3 12. Bxc3 Qxc3 13. Rc1 Qxd2+ 14. Qxd2 Nxd2
15. Kxd2 O-O 16. e4 Re8 17. Bd3 Nd7 18. Rhe1 Ne5 19. Be2 b5 20. h3 c4 21. bxc4
Nxc4+ 22. Bxc4 bxc4 23. Rxc4 f5 24. f3 Rb8 25. Rc3 Rb2+ 26. Rc2 Rxc2+ 27. Kxc2
fxe4 28. fxe4 Bf5 29. Kd3 Bd7 30. Re3 Bb5+ 31. Kd4 Bf1 32. g4 Bg2 33. h4 Rf8
34. Re2 Bf3 35. Re3 Bxg4 36. e5 Rf4+ 37. Re4 dxe5+ 38. Kxe5 Rxe4+ 39. Kxe4 Bd7
40. d6 Kf7 41. Kf4 Kf6 42. Ke4 Ke6 43. Kf4 Kxd6 44. Kg5 Ke5 45. Kh6 Kf4 46.
Kxh7 Bf5 47. Kh6 Kg4 48. Kg7 Kxh4 49. Kf6 Kg4 50. a4 g5 51. a5 Kf4 0-1

[Event "Tournoi francophone 022F"]
[Site "Skype"]
[Date "????.??.??"]
[Round "4.4"]
[White "Esformes, Jacques"]
[Black "Colangelo, Michele"]
[Result "1-0"]
[WhiteElo "1381"]
[BlackElo "1511"]
[PlyCount "45"]

1. d4 d5 2. Bf4 Bf5 3. e3 a6 4. c3 Nc6 5. b4 e6 6. Bd3 Nh6 7. h3 Bd6 8. a3 Bxf4
9. exf4 Bxd3 10. Qxd3 Nf5 11. g3 O-O 12. Nf3 Qf6 13. Nbd2 g6 14. h4 h5 15. Ne5
Nxe5 16. dxe5 Qg7 17. Rg1 c6 18. Nf3 f6 19. Kd2 Rfe8 20. Rg2 Qf7 21. Rag1 Kh8
22. g4 Rg8 23. gxf5 1-0

[Event "Tournoi francophone 022F"]
[Site "Skype"]
[Date "????.??.??"]
[Round "4.5"]
[White "Maccaferri, Massimo"]
[Black "Gerbaux, Regis"]
[Result "0-1"]
[WhiteElo "1444"]
[BlackElo "1402"]
[PlyCount "80"]

1. e4 c5 2. Bc4 e6 3. b3 d5 4. exd5 exd5 5. Bb5+ Bd7 6. a4 a6 7. Bd3 Nc6 8. Qh5
Nf6 9. Qe2+ Be7 10. Bb2 O-O 11. Nf3 Bd6 12. c4 Re8 13. Ne5 Nxe5 14. Kd1 Nxc4
15. Qf3 Nxb2+ 16. Kc2 Be5 17. Ra2 Nxd3 18. Kxd3 c4+ 19. Kc2 cxb3+ 20. Kxb3 Qb6+
21. Kc2 Qb2+ 22. Rxb2 Bxa4+ 23. Kc1 Rac8+ 24. Nc3 d4 25. Rb4 b5 26. Kb1 dxc3
27. dxc3 Bxc3 28. Rf4 Be5 29. Rc1 Rxc1+ 30. Kxc1 Bxf4+ 31. Qxf4 Bb3 32. Kb2 Bd5
33. Qb4 Bxg2 34. Qa5 Ra8 35. Qb6 h6 36. h3 Bxh3 37. Qc6 Ra7 38. Qb6 Ra8 39. Qc6
Ra7 40. Qc8+ Bxc8 0-1

[Event "Tournoi francophone 022F"]
[Site "Skype"]
[Date "????.??.??"]
[Round "5.1"]
[White "Gerbaux, Regis"]
[Black "Soubrier, Laure"]
[Result "1/2-1/2"]
[WhiteElo "1402"]
[BlackElo "1450"]
[PlyCount "57"]

1. e4 e5 2. Nf3 Nc6 3. Bc4 Bc5 4. O-O Nf6 5. c3 a6 6. b4 Ba7 7. Re1 d6 8. d4
exd4 9. cxd4 O-O 10. Nc3 Nxb4 11. e5 Nd7 12. e6 fxe6 13. Bxe6+ Kh8 14. Ng5 Nf6
15. Nf7+ Rxf7 16. Bxf7 Bd7 17. a3 Nc6 18. Bb2 Bxd4 19. Rc1 Qf8 20. Bd5 Be5 21.
Ba1 b5 22. Qf3 Ng4 23. Qxf8+ Rxf8 24. h3 Nxf2 25. Rf1 Nd4 26. Rce1 Nc2 27. Rxf2
Rxf2 28. Kxf2 Nxe1 29. Kxe1 1/2-1/2

[Event "Tournoi francophone 022F"]
[Site "Skype"]
[Date "????.??.??"]
[Round "5.2"]
[White "Colangelo, Michele"]
[Black "Maccaferri, Massimo"]
[Result "0-1"]
[WhiteElo "1511"]
[BlackElo "1444"]
[PlyCount "36"]

1. e4 e5 2. Nf3 Nc6 3. Bb5 a5 4. Bxc6 dxc6 5. Nxe5 Qd4 6. Ng4 Qxe4+ 7. Ne3 Nf6
8. d3 Qg6 9. h3 Bc5 10. O-O Bxh3 11. Qf3 Bxe3 12. Bxe3 Bg4 13. Qf4 O-O-O 14.
Nc3 h5 15. Qg3 h4 16. Qh2 h3 17. g3 Bf3 18. Bf4 Ng4 0-1

[Event "Tournoi francophone 022F"]
[Site "Skype"]
[Date "????.??.??"]
[Round "5.3"]
[White "Montilla Bejarano, Mey"]
[Black "Esformes, Jacques"]
[Result "1-0"]
[WhiteElo "1426"]
[BlackElo "1381"]
[PlyCount "71"]

1. d4 d5 2. c4 c6 3. c5 Nf6 4. Bf4 b6 5. b4 a5 6. Qa4 e5 7. Bxe5 Nfd7 8. b5
Nxe5 9. dxe5 Qg5 10. Nc3 Qxe5 11. Rc1 Qg5 12. e3 Bxc5 13. Nf3 Qf6 14. bxc6 O-O
15. a3 d4 16. Ne4 Qe6 17. Nxc5 bxc5 18. Bc4 Qg4 19. O-O Ba6 20. Bxa6 Nxa6 21.
exd4 cxd4 22. Qxa5 Nc7 23. Qxc7 Rac8 24. Qb6 Rfe8 25. Nxd4 Qxd4 26. Qxd4 Red8
27. Qc5 h6 28. Rfd1 Re8 29. c7 f6 30. Qd5+ Kh7 31. Qd8 Rg8 32. Qd3+ g6 33. Rc6
Kg7 34. Qd7+ Kh8 35. Rxf6 Rg7 36. Qxc8+ 1-0

[Event "Tournoi francophone 022F"]
[Site "Skype"]
[Date "????.??.??"]
[Round "5.4"]
[White "Lecluyse, Koenraad"]
[Black "Blanchard, Colette"]
[Result "0-1"]
[WhiteElo "1458"]
[BlackElo "1538"]
[PlyCount "62"]

1. d4 d5 2. Nf3 Nf6 3. Bf4 Bf5 4. e3 h6 5. Bd3 Bxd3 6. Qxd3 e6 7. O-O Be7 8.
Nbd2 O-O 9. c3 Nbd7 10. e4 dxe4 11. Nxe4 c6 12. Bd6 Nxe4 13. Bxe7 Qxe7 14. Qxe4
Rad8 15. Qf4 c5 16. Qc7 b6 17. Ne5 Rc8 18. Qxa7 Rfd8 19. Qb7 Qd6 20. Ng4 cxd4
21. cxd4 Qxd4 22. Qf3 Ne5 23. Nxh6+ gxh6 24. Qg3+ Ng6 25. h3 Rd5 26. Rad1 Qf6
27. Rxd5 exd5 28. b4 Kh7 29. Qd3 Rc3 30. Qxd5 Nf4 31. Re1 Nxd5 0-1

[Event "Tournoi francophone 022F"]
[Site "Skype"]
[Date "????.??.??"]
[Round "6.1"]
[White "Soubrier, Laure"]
[Black "Dhenain, Sebastien"]
[Result "1-0"]
[WhiteElo "1450"]
[BlackElo "1423"]
[PlyCount "43"]

1. d4 d5 2. c4 e6 3. Nf3 Nf6 4. Nc3 Bb4 5. e3 Nc6 6. Be2 Ne4 7. O-O Nxc3 8.
bxc3 Bxc3 9. Rb1 O-O 10. Qb3 Ba5 11. Bb2 Bb6 12. Bc3 a6 13. Qc2 Re8 14. Rfe1 e5
15. e4 dxe4 16. Qxe4 Nxd4 17. Bd3 Nxf3+ 18. Qxf3 Re6 19. Bxe5 Qg5 20. Bc3 Rxe1+
21. Rxe1 h6 22. Re8# 1-0

[Event "Tournoi francophone 022F"]
[Site "Skype"]
[Date "????.??.??"]
[Round "6.4"]
[White "Maccaferri, Massimo"]
[Black "Montilla Bejarano, Mey"]
[Result "0-1"]
[WhiteElo "1444"]
[BlackElo "1426"]
[PlyCount "68"]

1. e4 c6 2. Bc4 d5 3. exd5 cxd5 4. Bb3 Nf6 5. h3 d4 6. g4 d3 7. cxd3 Qxd3 8.
Qf3 Qd8 9. g5 Ng8 10. Bxf7+ Kd7 11. Nc3 e6 12. Nb5 Qxg5 13. Qd3+ Ke7 14. Bxg8
Rxg8 15. Nf3 Qd5 16. Qxd5 exd5 17. Nc7 Na6 18. O-O Nxc7 19. Re1+ Kd8 20. d4 h6
21. Ne5 Be6 22. Bf4 g5 23. Bg3 Bxh3 24. Rac1 Rg7 25. Nd3 h5 26. Nc5 Rb8 27. Be5
Rf7 28. Re3 Bc8 29. Rec3 Bxc5 30. Rxc5 Ne6 31. Rxc8+ Rxc8 32. Re1 Rc2 33. Bd6
Nxd4 34. Ba3 Nf3+ 0-1

[Event "Tournoi francophone 022F"]
[Site "Skype"]
[Date "????.??.??"]
[Round "6.5"]
[White "Gerbaux, Regis"]
[Black "Colangelo, Michele"]
[Result "0-1"]
[WhiteElo "1402"]
[BlackElo "1511"]
[PlyCount "92"]

1. e4 c5 2. Nf3 d6 3. c3 Nf6 4. d3 e5 5. Nbd2 Be7 6. d4 cxd4 7. cxd4 Bg4 8.
dxe5 dxe5 9. Be2 Nc6 10. O-O O-O 11. Nc4 Bxf3 12. Bxf3 Qxd1 13. Rxd1 Rfd8 14.
Be3 a6 15. Bb6 Rd7 16. Ba5 Bd8 17. Rxd7 Nxd7 18. Bxd8 Rxd8 19. Rd1 Nf6 20.
Rxd8+ Nxd8 21. Nxe5 Nc6 22. Nxc6 bxc6 23. e5 Nd7 24. Bxc6 Nxe5 25. Bd5 Kf8 26.
f4 Nd3 27. Bc4 Nxb2 28. Bxa6 Ke7 29. Kf2 Kd6 30. Ke3 f6 31. Kd4 h6 32. f5 Na4
33. g4 Nb6 34. Bb5 Na8 35. a4 Kc7 36. a5 Kd6 37. a6 Kc7 38. Kc5 Kb8 39. Kc6 Ka7
40. h4 Nb6 41. Kc7 Nd5+ 42. Kc6 Ne7+ 43. Kd7 Nd5 44. Bc4 Nb4 45. Ke6 Nc6 46.
Kf7 Ne5+ 0-1

[Event "Tournoi francophone 022F"]
[Site "Skype"]
[Date "????.??.??"]
[Round "7.1"]
[White "Colangelo, Michele"]
[Black "Soubrier, Laure"]
[Result "1-0"]
[WhiteElo "1511"]
[BlackElo "1450"]
[PlyCount "61"]

1. e4 e5 2. Nf3 Nc6 3. Bc4 Bc5 4. d3 Nf6 5. Ng5 O-O 6. Nc3 Ne7 7. O-O a6 8. Nd5
Nexd5 9. exd5 d6 10. h3 b5 11. Bb3 Bb7 12. c4 Ba7 13. Re1 c6 14. Qf3 Qa5 15.
Qe2 cxd5 16. Bd2 Qb6 17. Be3 d4 18. Bd2 Rae8 19. cxb5 axb5 20. Ne4 Bxe4 21.
dxe4 Qc7 22. Qxb5 Re7 23. Bg5 Re6 24. Bxe6 fxe6 25. Bxf6 gxf6 26. Rac1 Qf7 27.
Re2 d5 28. exd5 exd5 29. Rec2 Bb8 30. Rc8 Rxc8 31. Rxc8+ 1-0

[Event "Tournoi francophone 022F"]
[Site "Skype"]
[Date "????.??.??"]
[Round "7.2"]
[White "Montilla Bejarano, Mey"]
[Black "Gerbaux, Regis"]
[Result "1-0"]
[WhiteElo "1426"]
[BlackElo "1402"]
[PlyCount "39"]

1. d4 d5 2. Bf4 e6 3. Nf3 Nf6 4. h3 Bd6 5. Ne5 Nbd7 6. e3 O-O 7. Bd3 Ne4 8. Qf3
f6 9. Nxd7 Bxd7 10. Bxd6 cxd6 11. Qh5 Be8 12. Qh4 Bg6 13. f3 Ng5 14. e4 dxe4
15. fxe4 Nf3+ 16. gxf3 f5 17. Qg3 fxe4 18. fxe4 Rf6 19. Nd2 d5 20. e5 1-0